Govt. of
Madhya Pradesh

Modi's India (Record no. 68488)

MARC details
000 -LEADER
fixed length control field 00248nam a22001097a 4500
082 ## - DEWEY DECIMAL CLASSIFICATION NUMBER
Classification number 920/SIN
100 ## - MAIN ENTRY--AUTHOR NAME
Personal name Singh, Dr.M.K.
245 ## - TITLE STATEMENT
Title Modi's India
260 ## - PUBLICATION, DISTRIBUTION, ETC. (IMPRINT)
Place of publication Delhi
Name of publisher Saddle Publishers
Year of publication 2022
650 ## - SUBJECT ADDED ENTRY--TOPICAL TERM
Topical Term Bikography
942 ## - ADDED ENTRY ELEMENTS (KOHA)
Koha item type Books
Holdings
Withdrawn status Lost status Damaged status Not for loan Home library Current library Date acquired Full call number Accession Number Price effective from Koha item type
        MACL MACL 21/12/2025 920/SIN CRE040340 21/12/2025 Books